000 00550nam a2200157 i 4500
001 42238
003 ES-MaACL
007 t|
008 030313s1944 sp ||||1| spa d
100 1 _aCastillo, Ernesto.
_936683
245 1 0 _aTécnica de la exploración roentgenoscópica y roentgenográfica /
_cpor Ernesto Castillo ; con un prólogo de Carlos Gil y Gil.
260 _aBarcelona :
_bLabor,
_c1944 (
_fTalls. Gráfs. Iberoamericanos)
300 _aXI, 745 p. ;
_c25 cm.
700 1 _aGil y Gil, Carlos.
_956895
852 _aES-MaACL
_jE-18
_bR.21439
999 _c42238
_d42238